000 01335aab a2200217 4500
001 768714001
003 CO-MdFUSB
005 20240606155727.0
008 170509s1993 cr ||||| |||| 00| 0 spa d
022 _a1409-1968
040 _aCO-MdFUSB
_bspa
_cCO-MdFUSB
_dCO-MdFUSB
041 _aspa
100 1 _aZimmer, Chip
_eautor
245 1 0 _aEl difícil ministerio de la mediación
_c/ Chip Zimmer
300 _aVolumen 10. Número 6 (1993), páginas 6-15
_c: 27 cm.
520 _aUn delicado arte consistente en trabajar para que la gente que está peleada hable productivamente. Muy a menudo los pastores y otras personas en posiciones de liderazgo dentro de las iglesias se encuentran cumpliendo el rol de mediador, sin saber tal vez cómo efectuarlo de la mejor manera. Si bien soy neutral en cuanto a las personas, no lo soy en lo concerniente a los principios básicos de la vida cristiana, tales como el respeto de la justicia, la equidad, la honestidad o el amor. Si las partes comienzan a insultarse, instituyo una norma de procedimiento mediante la cual esas declaraciones deben ser retiradas inmediatamente. Seguieremos trabajando sin ningún insulto.
653 _aMediación
773 0 _tApuntes Pastorales
_049442
_960185
_gVolumen 10. Número 6 (1993), páginas 6-15
_qPágina 6
942 _cANA
945 _aJTF-925
999 _c50242
_d50242